Cities that Start with D by Clue - Statistics

General Stats
  • This quiz has been taken 68 times
  • The average score is 16 of 20
Answer Stats
Clue City % Correct
Irish capital known for the River Liffey and Guinness Dublin
100%
French city famous for its mustard Dijon
98%
Futuristic city home of the Burj Khalifa and Palm Jumeirah Dubai
98%
The "Mile High City" with the Rocky Mountains as its backdrop Denver
97%
Center of America’s automobile industry Detroit
97%
East African port city near Zanzibar Dar es Salaam
93%
One of America's fastest growing cities and home of the Cowboys Dallas
92%
Northern Australian city named after a famous naturalist Darwin
90%
German city rebuilt after WWII with a striking historic center Dresden
90%
Persian Gulf city that hosted the 2022 World Cup Doha
89%
West African capital known for its African Renaissance Monument Dakar
85%
One of the world's most polluted cities and home of the Red Fort Delhi
79%
German city famous for its fashion scene Dusseldorf
79%
One of the world’s oldest continuously inhabited cities full of history and beautiful mosques Damascus
74%
Adriatic sea city known for its walls and the Game of Thrones Dubrovnik
74%
Capital of Tajikistan Dushanbe
70%
German city known for its football club and brewing history Dortmund
69%
Busy city known for rickshaws and the Ganges river Dhaka
57%
Bali's largest city full of beautiful temples and beaches Denpasar
56%
North Carolina city home to Duke University Durham
51%
No matching quizzes found
Score Distribution
Percent of People with Each Score
Percentile by Number Answered
Your Score History
You have not taken this quiz